000 00722nam a22002177a 4500
003 OSt
005 20251106042129.0
008 251106b |||||||| |||| 00| 0 eng d
020 _a978-0-470-52792-4
040 _aDWC-Main Lib.
_cOC
082 _aCirc. 641.5973 M537g 2010
100 _aMENDELSOHN, SPIKE
245 _aThe goodstuff cookbook/
_cSPIKE MENDELSOHN
260 _aNew Jersey :
_bJohn Wiley & Sons,
_cc2010.
300 _a256 pages :
_bcolor illustrations ;
_c25 cm.
504 _aIndex: pp. 252-256
650 _a1. Cookery, American.
650 _a2. Cookery, International.
650 _a3. Good Stuff Eatery (Washington, D.C.) I. Mendesohn, Micheline.
942 _2ddc
_cBK-CIRC
_hCirc.
_n0
999 _c5562
_d5562